Big queues

Αποθηκεύτηκε σε:
Λεπτομέρειες βιβλιογραφικής εγγραφής
Κύριος συγγραφέας: Ganesh, Ayalvadi 1967-
Άλλοι συγγραφείς: O'Connell, Neil 1968-, Wischik, Damon 1974-
Μορφή: Βιβλίο
Γλώσσα:English
Δημοσίευση: Berlin ; New York : Springer, c2004
Σειρά:Lecture notes in mathematics (Springer-Verlag) ; 1838
Θέματα:
Ετικέτες: Προσθήκη ετικέτας
Δεν υπάρχουν, Καταχωρήστε ετικέτα πρώτοι!

MARC

LEADER 00000nam a2200000 i 4500
001 1/66920
008 041126s2004 eng d
020 |a 3-540-20912-3 
035 |l 10075486 
040 |a GR-MY-UA  |b gre  |e aacr 
041 0 |a eng 
082 0 |a 519.82  |2 (21) 
100 1 |a Ganesh, Ayalvadi  |d 1967- 
245 1 0 |a Big queues /  |c Ayalvadi Ganesh, Neil O'Connell, Damon Wischik 
260 |a Berlin ; New York :   |b Springer,   |c c2004 
300 |a xi, 254 σ.;  |c 24 εκ. 
490 1 |a Lecture notes in mathematics  |v ; 1838 
504 |a Περιέχει βιβλιογραφικές αναφορές και ευρετήριο 
650 0 0 |a Queuing theory. 
650 0 0 |a Large deviations. 
700 1 |a O'Connell, Neil  |d 1968- 
700 1 |a Wischik, Damon  |d 1974- 
830 0 |a Lecture notes in mathematics (Springer-Verlag)  |v ; 1838 
852 |a INST  |b SAMOS  |e 20041126  |h 519.82 GAN  |p 005300022636  |q 005300022636  |t BK  |y 0 
852 |a INST  |b SAMOS  |e 20060829  |h 519.82 GAN  |p 005300026464  |q 005300026464  |t BK  |y 0 
901 |a BIBL3-2006-2 
901 |a BIBL3-2004-3 
909 |a Σ  |b 129138 
909 |a Σ  |b 116559 
920 |a ΑΝΑΜΟΡΦΩΣΗ  |b ΕΠΕΑΕΚ II-ΜΑΘ  |y ΣΑΜΟΣ  |z 2006-07 
922 |a 3ΕΛΗ  |b 200410  |c ΕΠΕΑΕΚ2/ΤΜΗΜΑ ΜΑΘΗΜΑΤΙΚΩΝ  |d ΜΙΧΑΛΟΠΟΥΛΟΣ 
950 |a 116-2004-10-10 
970 |a ΚΟΣΙΕΡΗΣ  |b ΧΡΗΣΤΟΣ  |z 2004/12/02